Fundamentals of human resource management / (Record no. 74781)
[ view plain ]
| 000 -LEADER | |
|---|---|
| fixed length control field | 00748nam a22002177a 4500 |
| 005 - DATE AND TIME OF LATEST TRANSACTION | |
| control field | 20140616104457.0 |
| 010 ## - LCCN (DPL NO) | |
| LC control number | ENG-106900 |
| 020 ## - INTERNATIONAL STANDARD BOOK NUMBER | |
| International Standard Book Number | 9350590395 |
| Terms of availability | 195.00 |
| 020 ## - INTERNATIONAL STANDARD BOOK NUMBER | |
| International Standard Book Number | 9789350590393 |
| Terms of availability | 195.00 |
| 035 ## - SYSTEM CONTROL NUMBER | |
| System control number | EN-90433 |
| 037 ## - SOURCE OF ACQUISITION | |
| Source of stock number/acquisition | DBAD/PUB |
| 082 ## - DEWEY DECIMAL CLASSIFICATION NUMBER | |
| Classification number | 658.3 |
| 100 ## - MAIN ENTRY--PERSONAL NAME | |
| Personal name | Dhar, Rajib Lochan |
| 245 ## - TITLE STATEMENT | |
| Title | Fundamentals of human resource management / |
| Statement of responsibility, etc | by Rajib Lochan Dhar |
| 260 ## - PUBLICATION, DISTRIBUTION, ETC. (IMPRINT) | |
| Place of publication, distribution, etc | Gurgaon |
| Name of publisher, distributor, etc | Macmillan Publishers |
| Date of publication, distribution, etc | 2012 |
| 270 ## - ADDRESS | |
| Address | 3A, 5th Floor, DLF Corporate Park |
| City | Gurgaon |
| Postal code | 122002 |
| 300 ## - PHYSICAL DESCRIPTION | |
| Extent | xiv,226p. |
| Dimensions | 24cm(pbk) |
| 500 ## - GENERAL NOTE | |
| General note | Includes index |
| 942 ## - ADDED ENTRY ELEMENTS (KOHA) | |
| Source of classification or shelving scheme | Dewey Decimal Classification |
| Item type | English Books |
| Classification part | 658.3 |
| Call number suffix | DHA |
| Withdrawn status | Lost status | Not for loan | Collection code | Home library | Current library | Date acquired | Source of acquisition | Cost, normal purchase price | Full call number | Barcode | Copy number | Cost, replacement price | Koha item type |
|---|---|---|---|---|---|---|---|---|---|---|---|---|---|
| Lost and Paid For | Non-fiction | Central Library | Central Library | 16/06/2014 | Prakashan Sansthan/306/21.10.2013/36/10.10.2013/29.10.2013 | 195.00 | 658.3 DHA | B-527751 | 1 | 195.00 | English Books | ||
| Not For Loan | Non-fiction | D.B.Act.Division | D.B.Act.Division | 22/04/2013 | DBAD/PUB | 195.00 | 658.3 DHA | EN-90433 | 1 | 195.00 | English Books | ||
| Non-fiction | Sarojini Nagar | Sarojini Nagar | 16/06/2014 | Prakashan Sansthan/306/21.10.2013/36/10.10.2013/29.10.2013 | 195.00 | 658.3 DHA | B-527752 | 1 | 195.00 | English Books | |||
| Non-fiction | Shahdara Branch | Shahdara Branch | 16/06/2014 | Prakashan Sansthan/306/21.10.2013/36/10.10.2013/29.10.2013 | 195.00 | 658.3 DHA | B-527753 | 1 | 195.00 | English Books | |||
| Non-fiction | Yojana Vihar | Yojana Vihar | 16/06/2014 | Prakashan Sansthan/306/21.10.2013/36/10.10.2013/29.10.2013 | 195.00 | 658.3 DHA | B-527754 | 1 | 195.00 | English Books |
